01080nam a2200253 a 450000100100000000500170001000800410002702000180006804000250008608200170011110000340012824501800016226000820034230000210042450400320044559000610047765000290053865100460056770000350061370000370064804900090068595201150069499900170080900002240720240306073910.0101008s2008 dr 001 0 spa d a9789590611155 aDO-SdBNPbspacBNPHU a261.1bT693h1 aCuebas Torres, Eduardo94620210aHistoria de la iglesia católica en Cuba :bla iglesia en las patrias de los criollos (1516-1789) /cEduardo Torres Cuebas, Edelberto Leiva Lajara ; prólogo José Martí. aLa Habana, :bInstituto Cubano del LibrobEditorial Ciencias Sociales,c2008. a479 p. ;c28 cm. aBibliografía : p. 474-479 aLa biblioteca posee 1 ejemplar autografiado por el autor 4aIglesia católica91307 4aCubaxHistoriayIGLESIA CATÓLICA9462031 aLeiva Lajara, Edelberto9462041 aMartí, José,d1853-18959645 aBNPD 0010718PDaPDbPDcCTd2010-10-08iLF1l0o261.1 T693hp22407-10r2020-06-25w2020-06-25yLFPDZNo se presta c21905d21905